000 01103cam a2200313 i 4500
003 EG-GICUC
005 20260203122014.0
008 050307s2004 nyub frb 001 0 eng d
020 _a1587786532
_qalk. paper
020 _a9781587786532
_q(alk. paper)
040 _aDLC
_cDLC
_dDLC
_dEG-GICUC
_beng
_erda
050 0 0 _aKZ1242.5
_b.I58 2004
082 0 0 _a341
_221
092 0 4 _221
099 _aLaw 11 2004
245 0 0 _aInternational law in contemporary perspective /
_cW. Michael Reisman ... [et al.].
264 _aNew York, N.Y. :
_bFoundation Press ;
_a[St. Paul, Minn.] :
_bThomson/West,
_c2004.
300 _alvii, 1585 pages :
_bmaps ;
_c27 cm.
336 _atext
_2rdacontent
337 _aComputer
_2rdamedia
338 _aOnline Resource
_2rdacarrier
440 0 _aUniversity casebook series
504 _aIncludes bibliographical references (p. [ix]-xiii) and index.
650 0 _aInternational law
_vCases.
700 1 _aReisman, W. Michael
_q(William Michael),
_d1939-
856 4 0 _uhttps://fll.law.cu.edu.eg/fulltext/bks/ENGB11-00119.pdf
905 _a10
942 _2ddc
_cBK
_e21
_n0
999 _c60505
_d60505